La Liga 2020-2021 Top scorers - Statistics

General Stats
  • This quiz has been taken 37 times
  • The average score is 7 of 10
Answer Stats
Goals Nationality Club Player % Correct
23 France Real Madrid Karim Benzema
100%
30 Argentina Barcelona Lionel Messi
100%
21 Uruguay Atlético Madrid Luis Suárez
91%
13 France Barcelona Antoine Griezmann
89%
23 Spain Villarreal Gerard Moreno
80%
17 Sweden Real Sociedad Alexander Isak
77%
14 Spain Celta Vigo Iago Aspas
77%
18 Morocco Sevilla Youssef En-Nesyri
71%
13 Spain Levante José Luis Morales
46%
13 Spain Huesca Rafa Mir
17%
No matching quizzes found
Score Distribution
Percent of People with Each Score
Percentile by Number Answered
Your Score History
You have not taken this quiz